000 00334nam a2200133Ia 4500
008 231017s9999 xx 000 0 und d
082 _a388.3122021
082 _bMAN
245 0 _aManual of Standard Traffic Signs & Pavement Markings
245 0 _cBritish Columbia
260 _bBritish Columbia
300 _c30cm
942 _cREP
999 _c604443
_d604443